Culture Générale - Série 94 - Statistiques

Statistiques générales
  • Ce quiz a été pris 613 fois
  • Le résultat moyen est 5 sur 10
Statistiques - réponses
Question Réponse % Correct
En Ligue 1 de foot, combien de points par équipe rapporte un match nul ? 1
90%
Quel est le nom du mâle né du croisement d'un âne et d'une jument ? Mulet
70%
Quel bruit "notre coeur" fait-il dans une chanson de Charles Trenet ? Boum
67%
Comment appelle-t-on un membre de la mafia japonaise ? Yakuza
62%
Quel animal enragé fait peur à Jean- Marie Bigard dans un de ses sketchs ? Chauve-souris
51%
A quel chanteur doit-on le tube "Parce qu’on vient de loin", sorti en 2003 ? Corneille
51%
Qui interprète Zaza Napoli dans "la Cage aux folles" ? Michel Serrault
47%
Dans une mêlée au rugby, quel joueur prend place entre les deux piliers ? Talonneur
31%
Quel mot Citizen Kane prononce-t-il en mourant ? Rosebud
21%
Sous quel nom est plus connu le personnage de Malko Linge ? SAS
8%
Aucun quiz correspondant
Distribution des résultats
% des personnes avec chaque résultat
Percentile par nombre de réponses
Votre historique - résultats
Vous n’avez pas pris ce quiz